[Event "BL2 West 1920 (Women)"]
[Site "Germany"]
[Date "2019.09.14"]
[Round "1.6"]
[White "Roitburd, Swetlana"]
[Black "Stoffers, Elsbeth"]
[Result "1-0"]
[WhiteElo "1699"]
[BlackElo "1421"]
[PlyCount "77"]
[EventDate "2019.09.14"]
[EventType "team-tourn"]
[EventRounds "7"]
[EventCountry "GER"]
[SourceTitle "EXT 2021"]
[Source "ChessBase"]
[SourceDate "2020.10.23"]
[SourceVersion "1"]
[SourceVersionDate "2020.10.23"]
[SourceQuality "1"]
[WhiteTeam "Muelheim Nord (W)"]
[BlackTeam "Steinfurt (W)"]
[WhiteTeamCountry "GER"]
[BlackTeamCountry "GER"]

1. e4 c6 2. d4 d5 3. Nc3 dxe4 4. Nxe4 Nd7 5. Nf3 Ngf6 6. Ng3 e6 7. Bc4 Bd6 8. Ne2 b5 9. Bd3 Bb7 10. 0-0 a6 11. Bf4 Bxf4 12. Nxf4 Qc7 13. Qd2 0-0 14. c3 c5 15. Be2 Ne4 16. Qe3 Ndf6 17. Ne5 cxd4 18. cxd4 Nd7 19. Nxd7 Qxd7 20. Bf3 Nf6 21. Rfd1 Bxf3 22. Qxf3 Rac8 23. b3 h6 24. h3 Rfd8 25. Qe3 Nd5 26. Nxd5 Qxd5 27. Qe2 Rd6 28. Rd3 Rdc6 29. Qg4 Rc1+ 30. Rxc1 Rxc1+ 31. Kh2 Qg5 32. Qe4 Rc2 33. Rg3 Qf5 34. Qa8+ Kh7 35. Rf3 Qd5 36. Qxa6 Qxd4 37. Rxf7 Qe5+ 38. f4 Qe2 39. Qb7 1-0

[Event "BL2 West 1516 (Women)"]
[Site "Germany"]
[Date "2015.12.05"]
[Round "3.6"]
[White "Wenke, Andrea"]
[Black "Roitburd, Swetlana"]
[Result "1-0"]
[WhiteElo "1789"]
[BlackElo "1783"]
[PlyCount "67"]
[EventDate "2015.09.26"]
[EventType "team-tourn"]
[EventRounds "7"]
[EventCountry "GER"]
[SourceTitle "EXT 2017"]
[Source "ChessBase"]
[SourceDate "2016.10.25"]
[SourceVersion "1"]
[SourceVersionDate "2016.10.25"]
[SourceQuality "1"]
[WhiteTeam "Delmenhorst (W)"]
[BlackTeam "Muelheim (W)"]
[WhiteTeamCountry "GER"]
[BlackTeamCountry "GER"]

1. e4 c6 2. Nf3 d5 3. exd5 cxd5 4. d4 Nf6 5. c3 Nc6 6. Bf4 Qb6 7. Qc2 g6 8. Bd3 Bg7 9. Nbd2 0-0 10. 0-0 Bd7 11. Qb3 Rac8 12. Qxb6 axb6 13. Ne5 Nxe5 14. Bxe5 Bh6 15. Nf3 Ne4 16. Rfe1 Bc6 17. h4 f6 18. Bh2 Rfe8 19. c4 e6 20. cxd5 exd5 21. g4 Bd7 22. g5 fxg5 23. Ne5 Bf5 24. f3 Nd2 25. Bxf5 gxf5 26. hxg5 Bxg5 27. f4 Bf6 28. Re3 Ne4 29. Rb3 Re6 30. Bg3 Rc2 31. Be1 h5 32. Rd1 Kh7 33. Nd7 Bd8 34. Nf8+ 1-0

[Event "BL2 West 1415 (Women)"]
[Site "Germany"]
[Date "2014.11.29"]
[Round "3.5"]
[White "Schlueter, Sabrina"]
[Black "Roitburd, Swetlana"]
[Result "0-1"]
[WhiteElo "1808"]
[BlackElo "1754"]
[PlyCount "142"]
[EventDate "2014.09.27"]
[EventType "team-tourn"]
[EventRounds "7"]
[EventCountry "GER"]
[SourceTitle "CBM 166 Extra"]
[Source "ChessBase"]
[SourceDate "2015.06.18"]
[SourceVersion "1"]
[SourceVersionDate "2015.06.18"]
[SourceQuality "1"]
[WhiteTeam "Kiel Doppelbauer (W)"]
[BlackTeam "Muelheim (W)"]
[WhiteTeamCountry "GER"]
[BlackTeamCountry "GER"]

1. e4 c6 2. Nf3 d5 3. exd5 cxd5 4. d4 Nf6 5. Ne5 e6 6. Nc3 Be7 7. Be2 0-0 8. 0-0 Nc6 9. f4 Qb6 10. Nxc6 bxc6 11. Na4 Qa5 12. c3 Bd7 13. b4 Qc7 14. Bd3 a5 15. a3 Qa7 16. Be3 Bc8 17. f5 Ne4 18. Bxe4 dxe4 19. fxe6 Bxe6 20. Qd2 Bc4 21. Rfc1 axb4 22. axb4 Qb7 23. Bg5 Bd6 24. Bf4 Be7 25. Nb2 Bd5 26. Nd1 Rad8 27. Ra3 Bd6 28. Bxd6 Rxd6 29. Rca1 f5 30. Qf4 Rg6 31. Ne3 Be6 32. Ra7 Qb8 33. Qxb8 Rxb8 34. Rc7 f4 35. Nd1 Bh3 36. g3 fxg3 37. hxg3 Rxg3+ 38. Kh2 Rf3 39. Raa7 e3 40. Rxg7+ Kf8 41. Rge7 Re8 42. Rxe8+ Kxe8 43. Ra2 Bf1 44. Ra8+ Kf7 45. Ra7+ Kg6 46. Nxe3 Rxe3 47. Rc7 Rxc3 48. d5 Bb5 49. d6 Rd3 50. d7 c5 51. d8Q Rxd8 52. Rxc5 Rb8 53. Rd5 Be8 54. Rd4 Kf5 55. Kg3 Ke5 56. Rf4 Bg6 57. Rc4 Kd5 58. Rf4 Kc6 59. Kh4 Kb5 60. Kg5 Ka4 61. Rf2 Rxb4 62. Rh2 Kb5 63. Rd2 Kc6 64. Rd1 Rb5+ 65. Kf6 Rd5 66. Re1 Kd7 67. Re7+ Kd8 68. Re1 Be8 69. Ke6 Rd2 70. Kf6 Rh2 71. Kg5 h5 0-1

[Event "BL2 West 1415 (Women)"]
[Site "Germany"]
[Date "2014.09.27"]
[Round "1.5"]
[White "Roitburd, Swetlana"]
[Black "Mense, Petra"]
[Result "1/2-1/2"]
[WhiteElo "1754"]
[BlackElo "1672"]
[PlyCount "34"]
[EventDate "2014.09.27"]
[EventType "team-tourn"]
[EventRounds "7"]
[EventCountry "GER"]
[SourceTitle "CBM 166 Extra"]
[Source "ChessBase"]
[SourceDate "2015.06.18"]
[SourceVersion "1"]
[SourceVersionDate "2015.06.18"]
[SourceQuality "1"]
[WhiteTeam "Muelheim (W)"]
[BlackTeam "Heiden (W)"]
[WhiteTeamCountry "GER"]
[BlackTeamCountry "GER"]

1. e4 c5 2. Nf3 Nf6 3. e5 Nd5 4. c4 Nb6 5. Nc3 e6 6. d3 Be7 7. Ne4 d5 8. exd6 Bxd6 9. b3 Nc6 10. Be3 Nd4 11. b4 Nxf3+ 12. Qxf3 Be5 13. Rb1 cxb4 14. Rxb4 Nd7 15. a4 Qa5 16. Bd2 Qc7 17. Be2 0-0 1/2-1/2

[Event "BL2 West 1213 (Women)"]
[Site "Germany"]
[Date "2012.10.06"]
[Round "1.5"]
[White "Raus, Christina"]
[Black "Roitburd, Swetlana"]
[Result "0-1"]
[WhiteElo "1447"]
[BlackElo "1621"]
[PlyCount "94"]
[EventDate "2012.10.06"]
[EventType "team-tourn"]
[EventRounds "7"]
[EventCountry "GER"]
[SourceTitle "EXT 2018"]
[Source "ChessBase"]
[SourceDate "2017.10.13"]
[SourceVersion "1"]
[SourceVersionDate "2017.10.13"]
[SourceQuality "1"]
[WhiteTeam "Steinfurt (W)"]
[BlackTeam "Muelheim Nord (W) II"]
[WhiteTeamCountry "GER"]
[BlackTeamCountry "GER"]

1. d4 d5 2. c4 e6 3. Nc3 Nf6 4. Bg5 Be7 5. e3 0-0 6. Nf3 h6 7. Bh4 c6 8. Bd3 Nbd7 9. 0-0 dxc4 10. Bxc4 Nb6 11. Bb3 Nbd5 12. Nxd5 Nxd5 13. Bxe7 Qxe7 14. Rc1 Rd8 15. Qc2 Qf6 16. a3 Ne7 17. Ne5 Qg5 18. Qe4 Nd5 19. Qg4 Qe7 20. Qf3 Bd7 21. Bxd5 exd5 22. Nxd7 Rxd7 23. b4 Re8 24. Ra1 Rd6 25. Qe2 Rg6 26. b5 Qe4 27. g3 Qxd4 28. bxc6 Rxc6 29. Qb5 Qb6 30. Qxd5 Rd8 31. Qf3 Qc7 32. Rfd1 Rxd1+ 33. Qxd1 Rc3 34. Qa4 a6 35. Qe8+ Kh7 36. Qe4+ g6 37. Qb4 Rc2 38. Qf4 Qe7 39. Qa4 Rb2 40. Qd4 Rc2 41. Rb1 b5 42. a4 Rc4 43. Qb6 Rxa4 44. Qc6 Ra2 45. Qd5 Rc2 46. Ra1 Qf6 47. Ra2 Qxf2+ 0-1

[Event "GER-chT Federal Cup (Women)"]
[Site "Braunfels"]
[Date "2012.06.08"]
[Round "3.8"]
[White "Busch, Annette"]
[Black "Roitburd, Swetlana"]
[Result "1/2-1/2"]
[WhiteElo "1692"]
[BlackElo "1591"]
[PlyCount "103"]
[EventDate "2012.06.07"]
[EventType "team-swiss"]
[EventRounds "5"]
[EventCountry "GER"]
[SourceTitle "CBM 149 Extra"]
[Source "ChessBase"]
[SourceDate "2012.08.24"]
[SourceVersion "1"]
[SourceVersionDate "2012.08.24"]
[SourceQuality "1"]
[WhiteTeam "Baden (W)"]
[BlackTeam "Nordrhein Westfalen (W)"]
[WhiteTeamCountry "GER"]
[BlackTeamCountry "GER"]

1. d4 d5 2. Nf3 Nf6 3. Bf4 e6 4. e3 Be7 5. Bd3 0-0 6. h3 c5 7. c3 Nc6 8. Nbd2 b6 9. 0-0 Bb7 10. Ne5 h6 11. Re1 Bd6 12. Nxc6 Bxc6 13. Bxd6 Qxd6 14. Nf3 Nd7 15. Rc1 e5 16. dxe5 Nxe5 17. Nxe5 Qxe5 18. Qc2 Rfe8 19. Red1 Qg5 20. Bf1 Re6 21. c4 dxc4 22. Qxc4 Rg6 23. g3 Re8 24. Qf4 Qe7 25. Bg2 Rf6 26. Qc4 Bxg2 27. Kxg2 Qb7+ 28. Kg1 Qf3 29. Rd2 g5 30. Qd5 Re4 31. Rcd1 Kg7 32. a3 Rf5 33. Qd7 h5 34. Qd3 h4 35. g4 Rf6 36. Qf1 c4 37. Qg2 Re5 38. Qxf3 Rxf3 39. Kg2 Rf6 40. Rd7 a5 41. Rc7 b5 42. Rcd7 b4 43. axb4 axb4 44. Rc7 c3 45. bxc3 bxc3 46. Rxc3 Rb5 47. Rd2 Re5 48. Rc7 Kh7 49. Rcd7 Ree6 50. R2d3 Rb6 51. R7d5 Kg6 52. Rd2 1/2-1/2

[Event "GER-chT Federal Cup (Women)"]
[Site "Germany"]
[Date "2011.06.17"]
[Round "3.6"]
[White "Weinmann, Helene"]
[Black "Roitburd, Swetlana"]
[Result "1/2-1/2"]
[WhiteElo "1431"]
[BlackElo "1647"]
[PlyCount "102"]
[EventDate "2011.06.16"]
[EventType "team-swiss"]
[EventRounds "5"]
[EventCountry "GER"]
[SourceTitle "EXT 2012"]
[Source "ChessBase"]
[SourceDate "2011.11.24"]
[SourceVersion "1"]
[SourceVersionDate "2011.11.24"]
[SourceQuality "1"]
[WhiteTeam "Saarland"]
[BlackTeam "Nordrhein Westfalen II"]
[WhiteTeamCountry "GER"]
[BlackTeamCountry "GER"]

1. d4 d5 2. Nf3 Nf6 3. c3 c6 4. Bf4 Nbd7 5. Nbd2 Nb6 6. e3 Bf5 7. h3 e6 8. Be2 Be7 9. 0-0 0-0 10. Nh4 Bg6 11. Nxg6 hxg6 12. Bd3 Rc8 13. e4 dxe4 14. Nxe4 Nbd5 15. Nxf6+ Nxf6 16. Re1 c5 17. dxc5 Bxc5 18. Bc2 Qb6 19. Re2 Rfd8 20. Qe1 Nh5 21. Bh2 Rd7 22. Rd1 Rcd8 23. Rxd7 Rxd7 24. Bb3 Re7 25. Qd1 Nf6 26. Qe1 Bd6 27. Bxd6 Qxd6 28. Rd2 Qc7 29. Qd1 Ne4 30. Rd8+ Kh7 31. Bc2 Nf6 32. Qd6 Qxd6 33. Rxd6 Rc7 34. Rd4 b5 35. Bd3 a6 36. Rd6 Ra7 37. Rd8 Rc7 38. Kf1 e5 39. f3 Nh5 40. Kf2 Nf4 41. Bf1 Rc5 42. g3 Nd5 43. Bd3 a5 44. Ke2 b4 45. c4 Nb6 46. b3 f6 47. Ke3 Nc8 48. Be4 Ne7 49. Rd7 Nc8 50. Rd5 Rxd5 51. cxd5 Nd6 1/2-1/2

[Event "NRW-ch U18 Girls"]
[Site "Kranenburg"]
[Date "2007.04.10"]
[Round "2"]
[White "Bluebaum, Johanna"]
[Black "Roitburd, Swetlana"]
[Result "1/2-1/2"]
[WhiteElo "1956"]
[BlackElo "1520"]
[PlyCount "112"]
[EventDate "2007.04.09"]
[EventType "swiss"]
[EventRounds "7"]
[EventCountry "GER"]
[SourceTitle "EXT 2008"]
[Source "ChessBase"]
[SourceDate "2007.11.25"]
[SourceVersion "1"]
[SourceVersionDate "2007.11.25"]
[SourceQuality "1"]

1. d4 Nf6 2. c4 g6 3. Nc3 Bg7 4. e4 d6 5. Nf3 0-0 6. Be2 Nbd7 7. Be3 e5 8. d5 Re8 9. Nd2 Nc5 10. b4 Ncd7 11. c5 dxc5 12. bxc5 Qe7 13. Nb3 a6 14. Rc1 b5 15. c6 Nb6 16. Bc5 Qd8 17. f3 Nh5 18. Qd2 Nf4 19. g3 Nxe2 20. Qxe2 Nc4 21. Kf2 f5 22. Rhd1 fxe4 23. Nxe4 Bf5 24. Nbd2 Bh6 25. Rc3 Bxd2 26. Rxd2 Nxd2 27. Qxd2 Bxe4 28. fxe4 Qc8 29. Kg2 Qg4 30. Re3 Rad8 31. h3 Qe6 32. Rf3 Qxc6 33. Qf2 Qd7 34. Rf6 a5 35. Qe3 b4 36. Rc6 Qf7 37. Qd3 Rd7 38. Qa6 Red8 39. Rf6 Qg7 40. g4 Rb8 41. g5 Re8 42. Qb5 Rdd8 43. Qc4 Kh8 44. a3 bxa3 45. Bxa3 Rb8 46. Qf1 Kg8 47. Qc4 Kh8 48. Qa6 Ra8 49. Qc6 Rab8 50. h4 Ra8 51. Bb2 Rab8 52. Bc3 Qe7 53. Re6 Qf7 54. Bxe5+ Kg8 55. Rf6 Qe7 56. Re6 Qf7 1/2-1/2

[Event "NRW-ch U18 Girls"]
[Site "Kranenburg"]
[Date "2007.04.09"]
[Round "1"]
[White "Roitburd, Swetlana"]
[Black "Schaefer, Emma"]
[Result "1-0"]
[WhiteElo "1520"]
[BlackElo "1168"]
[PlyCount "31"]
[EventDate "2007.04.09"]
[EventType "swiss"]
[EventRounds "7"]
[EventCountry "GER"]
[SourceTitle "EXT 2008"]
[Source "ChessBase"]
[SourceDate "2007.11.25"]
[SourceVersion "1"]
[SourceVersionDate "2007.11.25"]
[SourceQuality "1"]

1. e4 d5 2. exd5 Qxd5 3. d4 Nf6 4. Nf3 Bg4 5. Be2 Nc6 6. h3 Bh5 7. c4 Qd6 8. Be3 0-0-0 9. Nbd2 h6 10. a3 e6 11. b4 a6 12. c5 Qd7 13. b5 axb5 14. Bxb5 Nd5 15. Qa4 Kb8 16. Ne5 1-0

[Event "GER-chT U20"]
[Site "Kelbra"]
[Date "2006.12.28"]
[Round "3.6"]
[White "Roitburd, Swetlana"]
[Black "Renner, Adrian"]
[Result "0-1"]
[WhiteElo "1595"]
[BlackElo "1815"]
[PlyCount "75"]
[EventDate "2006.12.27"]
[EventType "team-swiss"]
[EventRounds "7"]
[EventCountry "GER"]
[SourceTitle "EXT 2008"]
[Source "ChessBase"]
[SourceDate "2007.11.25"]
[SourceVersion "1"]
[SourceVersionDate "2007.11.25"]
[SourceQuality "1"]
[WhiteTeam "Muelheim Nord U20"]
[BlackTeam "Pang/Rosenheim U20"]
[WhiteTeamCountry "GER"]
[BlackTeamCountry "GER"]

1. e4 c5 2. Nf3 e6 3. Nc3 a6 4. d4 cxd4 5. Nxd4 Qc7 6. Bd3 b5 7. a4 b4 8. Na2 Nc6 9. Be3 Bb7 10. 0-0 Nf6 11. f4 Nxd4 12. Bxd4 Nxe4 13. Bxe4 Bxe4 14. c3 b3 15. Nb4 a5 16. Nd3 f6 17. g3 h5 18. Nf2 Bd5 19. Qd3 Kf7 20. Qe3 Qb7 21. Rfe1 h4 22. g4 h3 23. g5 Bd6 24. Qg3 Rh5 25. g6+ Ke7 26. Qe3 Rh4 27. Bc5 Bxc5 28. Qxc5+ d6 29. Qe3 Bc4 30. Qg3 Qg2+ 31. Qxg2 hxg2 32. Kxg2 Rah8 33. h3 Rxf4 34. Rad1 Rh6 35. Kg3 e5 36. Nd3 Rxg6+ 37. Kh2 Bxd3 38. Rxd3 0-1

[Event "GER-chT U20"]
[Site "Kelbra"]
[Date "2006.12.27"]
[Round "2.6"]
[White "Knecht, Raphael"]
[Black "Roitburd, Swetlana"]
[Result "1-0"]
[WhiteElo "1528"]
[BlackElo "1595"]
[PlyCount "56"]
[EventDate "2006.12.27"]
[EventType "team-swiss"]
[EventRounds "7"]
[EventCountry "GER"]
[SourceTitle "EXT 2008"]
[Source "ChessBase"]
[SourceDate "2007.11.25"]
[SourceVersion "1"]
[SourceVersionDate "2007.11.25"]
[SourceQuality "1"]
[WhiteTeam "Biebertal U20"]
[BlackTeam "Muelheim Nord U20"]
[WhiteTeamCountry "GER"]
[BlackTeamCountry "GER"]

1. e4 c6 2. d4 d5 3. Nd2 dxe4 4. Nxe4 Bf5 5. Ng3 Bg6 6. h4 h6 7. h5 Bh7 8. Nf3 Nd7 9. Bd3 Bxd3 10. Qxd3 Ngf6 11. Bd2 Qb6 12. 0-0-0 e6 13. Ne4 c5 14. Bc3 Rc8 15. dxc5 Qc6 16. Nxf6+ gxf6 17. Rh4 Bxc5 18. Rc4 b5 19. Rg4 e5 20. Bb4 f5 21. Qxf5 Bxb4 22. Rxb4 f6 23. Rg4 Kd8 24. Rg7 Rc7 25. Rgxd7+ Rxd7 26. Rxd7+ Qxd7 27. Qxf6+ Qe7 28. Qxh8+ Kc7 1-0

[Event "NRW-ch U16/18 Girls"]
[Site "Kranenburg"]
[Date "2005.04.02"]
[Round "7"]
[White "Roitburd, Swetlana"]
[Black "Broeker, Simone"]
[Result "1/2-1/2"]
[WhiteElo "1538"]
[BlackElo "1456"]
[PlyCount "93"]
[EventDate "2005.03.28"]
[EventType "swiss"]
[EventRounds "7"]
[EventCountry "GER"]
[SourceTitle "CBM 105 Extra"]
[Source "ChessBase"]
[SourceDate "2005.05.01"]
[SourceVersion "1"]
[SourceVersionDate "2005.05.01"]
[SourceQuality "1"]

1. e4 e5 2. Nf3 Nc6 3. Nc3 Bc5 4. Bb5 d6 5. d3 h6 6. h3 Nf6 7. 0-0 0-0 8. Bxc6 bxc6 9. Bd2 Be6 10. Re1 Re8 11. a3 Qd7 12. Nh2 Rab8 13. Rb1 Qe7 14. Qf3 Rbd8 15. Qg3 Nh5 16. Qf3 Qh4 17. Be3 Bb6 18. Rbd1 Rf8 19. Rd2 Bd7 20. Rde2 f5 21. Bxb6 cxb6 22. Re3 fxe4 23. Rxe4 Qg5 24. Qe3 Nf4 25. Qg3 Qxg3 26. fxg3 Ng6 27. R4e3 Rf7 28. Rf3 Rdf8 29. Ref1 Ne7 30. g4 c5 31. R1f2 Bc6 32. Rxf7 Rxf7 33. Nf3 b5 34. Ne4 Bxe4 35. dxe4 Nc6 36. Rd2 Rd7 37. c3 Na5 38. Nxe5 Re7 39. Ng6 Re6 40. Nh4 Rxe4 41. Rxd6 Re1+ 42. Kf2 Rb1 43. Rd8+ Kh7 44. b4 cxb4 45. cxb4 Rb2+ 46. Kf1 Nc4 47. Rb8 1/2-1/2

[Event "NRW-ch U16/18 Girls"]
[Site "Kranenburg"]
[Date "2005.04.01"]
[Round "6"]
[White "Horwath, Saskia"]
[Black "Roitburd, Swetlana"]
[Result "0-1"]
[WhiteElo "1005"]
[BlackElo "1538"]
[PlyCount "68"]
[EventDate "2005.03.28"]
[EventType "swiss"]
[EventRounds "7"]
[EventCountry "GER"]
[SourceTitle "CBM 105 Extra"]
[Source "ChessBase"]
[SourceDate "2005.05.01"]
[SourceVersion "1"]
[SourceVersionDate "2005.05.01"]
[SourceQuality "1"]

1. e4 c6 2. d4 d5 3. Nc3 dxe4 4. Nxe4 Bf5 5. f3 e6 6. Bf4 Bxe4 7. fxe4 Nf6 8. e5 Nd5 9. Qd2 Be7 10. a3 0-0 11. Bd3 Qb6 12. 0-0-0 Nd7 13. Nf3 Qd8 14. h4 Nxf4 15. Qxf4 g6 16. g4 Kg7 17. h5 g5 18. h6+ Kg8 19. Qe4 f5 20. exf6 Nxf6 21. Qxe6+ Kh8 22. Nxg5 Qd5 23. Qxd5 cxd5 24. Rde1 Bd6 25. Re6 Bf4+ 26. Kb1 Bxg5 27. Re7 b6 28. b3 a5 29. Rg1 Rae8 30. Rb7 Be3 31. Rd1 Ne4 32. Bxe4 Rxe4 33. Rh1 Bxd4 34. g5 Ref4 0-1